[Event "Westland (SEMO Res/3/26)"]
[Site "?"]
[Date "1985.??.??"]
[Round "?"]
[White "Malumphy, Joseph"]
[Black "Stefanski, Mark"]
[Result "1-0"]
[WhiteElo "1725"]
[BlackElo "1605"]
[PlyCount "91"]
[EventDate "1985.??.??"]

{3/(26)} 1. e4 e5 2. Nf3 Nc6 3. Bb5 a6 4. Ba4 Nf6 5. O-O Bc5 6. Nc3 O-O 7. d3
Re8 8. Bg5 Be7 9. Bb3 d6 10. Qd2 Na5 11. h3 Nxb3 12. axb3 b5 13. Bxf6 Bxf6 14.
Nd5 c6 15. Ne3 Bg5 16. Qc3 Bxe3 17. fxe3 Qb6 18. Rfe1 Re6 19. Kh1 Rh6 20. d4
Qb7 21. dxe5 Bxh3 22. gxh3 Rxh3+ 23. Kg2 Qd7 24. Nh2 Re8 25. Rxa6 Rh6 26. Re2
Qh3+ 27. Kg1 Rg6+ 28. Kh1 Rh6 29. Qe1 Qf3+ 30. Rg2 Qxe4 31. Qg3 Rg6 32. Qf3
Qxe5 33. Rxg6 hxg6 34. Rxc6 Qxb2 35. Rc7 Qc1+ 36. Nf1 f5 37. Kg2 Qe1 38. Qd5+
Kh7 39. Qxb5 Rg8 40. Qd3 Qb4 41. Rc4 Qb7+ 42. Kg3 Qe7 43. Rh4+ Qxh4+ 44. Kxh4
Kh6 45. Qxd6 Re8 46. Ng3 1-0

[Event "Westland (SEMO Res/1b/15)"]
[Site "?"]
[Date "1985.??.??"]
[Round "?"]
[White "Malumphy, Joseph"]
[Black "Smith, H.."]
[Result "1-0"]
[WhiteElo "1725"]
[BlackElo "1605"]
[PlyCount "97"]
[EventDate "1985.??.??"]

1. e4 e5 2. Nf3 Nc6 3. Bb5 a6 4. Ba4 Nf6 5. O-O Be7 6. Re1 b5 7. Bb3 O-O 8. c3
d5 9. d3 Bg4 10. Nbd2 dxe4 11. dxe4 Qc8 12. Nf1 Rd8 13. Qe2 Na5 14. Bc2 Nc4 15.
h3 Bxh3 16. gxh3 Qxh3 17. N3h2 Bc5 18. Qf3 Qxf3 19. Nxf3 Ng4 20. Ne3 Ngxe3 21.
fxe3 Rd6 22. b3 Na3 23. Bxa3 Bxa3 24. Rad1 f6 25. Rd3 Rad8 26. Red1 g5 27. b4
Bb2 28. Bb3+ Kg7 29. c4 Bc3 30. cxb5 axb5 31. a3 Bb2 32. a4 bxa4 33. Bxa4 Bc3
34. b5 Ba5 35. Kf2 Bb6 36. Ne1 h5 37. Nc2 h4 38. Kf3 Kg6 39. Nb4 Kh5 40. Rg1
Rg8 41. Rxd6 cxd6 42. Nd5 g4+ 43. Rxg4 Rxg4 44. Nxf6+ Kg5 45. Nxg4 h3 46. Nh2
Kh4 47. Bd1 Bc5 48. Kf2 Bb6 49. Nf3+ 1-0

[Event "Westland (SEMO Res/4/21)"]
[Site "?"]
[Date "1985.??.??"]
[Round "?"]
[White "Malumphy, Joseph"]
[Black "Riseman, J.."]
[Result "1-0"]
[WhiteElo "1725"]
[BlackElo "1620"]
[PlyCount "53"]
[EventDate "1985.??.??"]

{4/(21)} 1. e4 e5 2. Nf3 Nc6 3. Bb5 a6 4. Ba4 d6 5. d3 f5 6. Nc3 Nf6 7. Bg5 Be7
8. Bb3 Ng4 9. h4 fxe4 10. dxe4 Rf8 11. Qd2 Nd4 12. Nxd4 Rxf2 13. Nde2 Bxg5 14.
hxg5 Rxg2 15. Rxh7 Qe7 16. Nd5 Qf8 17. O-O-O Kd8 18. Qc3 c6 19. Qa5+ Ke8 20.
Nc7+ Ke7 21. Nxa8 Rxe2 22. Qc7+ Ke8 23. Qxc8+ Ke7 24. Qe6+ Kd8 25. Rxd6+ Qxd6
26. Qxd6+ Ke8 27. Rh8# 1-0

[Event "East Detroit (MCO/4/46)"]
[Site "?"]
[Date "1985.??.??"]
[Round "?"]
[White "Lynch, W.."]
[Black "Yee, T.."]
[Result "0-1"]
[WhiteElo "1605"]
[BlackElo "1605"]
[PlyCount "38"]
[EventDate "1985.??.??"]

{4/(46)} 1. e4 Nc6 2. Nf3 Nf6 3. Nc3 e5 4. Bb5 Bc5 5. h3 h6 6. Bxc6 dxc6 7.
Nxe5 O-O 8. O-O Re8 9. Nf3 Nxe4 10. Nxe4 Rxe4 11. d3 Re6 12. Bf4 Qf6 13. Bxc7
Bd7 14. c3 Rae8 15. d4 Bd6 16. Bxd6 Rxd6 17. Qd2 Qg6 18. Ne5 Rxe5 19. g4 Bxg4
0-1

[Event "East Detroit (MCO/2/49)"]
[Site "?"]
[Date "1985.??.??"]
[Round "?"]
[White "Lynch, W.."]
[Black "Fletcher, G.."]
[Result "1/2-1/2"]
[WhiteElo "1605"]
[BlackElo "1605"]
[PlyCount "63"]
[EventDate "1985.??.??"]

{2/(49)} 1. e4 e5 2. Nf3 Nc6 3. Bb5 a6 4. Ba4 Nf6 5. O-O Be7 6. Re1 O-O 7. Bxc6
dxc6 8. Nxe5 Qd4 9. Nf3 Qd7 10. d4 Rd8 11. Nbd2 c5 12. c3 cxd4 13. cxd4 b6 14.
Nf1 c5 15. d5 Bb7 16. b3 Re8 17. Bb2 Rad8 18. Ng3 Qc7 19. Qd2 c4 20. bxc4 Qxc4
21. Qf4 Nxd5 22. Qg4 Nf6 23. Bxf6 Bxf6 24. Rac1 Qxa2 25. Nh5 Re6 26. e5 Bxf3
27. Qxf3 Bxe5 28. Rxe5 Rxe5 29. Qg3 g6 30. Nf6+ Kg7 31. Qxe5 Qa5 32. Ng4+
1/2-1/2

[Event "Westland (SEMO Res/2/35)"]
[Site "?"]
[Date "1985.??.??"]
[Round "?"]
[White "Luscumb, T.."]
[Black "Vandenburg, V.E.."]
[Result "0-1"]
[WhiteElo "1605"]
[BlackElo "1605"]
[PlyCount "31"]
[EventDate "1985.??.??"]

{2/(35)} 1. e4 a6 2. Nf3 e6 3. d4 b5 4. c4 Bb7 5. Qe2 bxc4 6. Ne5 Nf6 7. Bg5 d5
8. exd5 Bxd5 9. Nxc4 Be7 10. Bxf6 Bxf6 11. Ne5 O-O 12. Qg4 c5 13. Bd3 cxd4 14.
Qh3 h6 15. Ng4 Bg5 16. O-O {[Remainder illegible; 0-1, 47?]} 0-1

[Event "Westland (SEMO Res/5/37)"]
[Site "?"]
[Date "1985.??.??"]
[Round "?"]
[White "Loop, J.."]
[Black "Nowak, R.."]
[Result "0-1"]
[WhiteElo "1605"]
[BlackElo "1605"]
[PlyCount "74"]
[EventDate "1985.??.??"]

{5/(37)} 1. e4 e5 2. Nf3 Nc6 3. Bc4 Bc5 4. Nc3 Nf6 5. O-O Nxe4 6. Nxe4 d5 7.
Nxc5 dxc4 8. d3 cxd3 9. Nxd3 f6 10. Re1 b6 11. Bf4 O-O 12. Bd2 Bb7 13. Bb4 Re8
14. c3 e4 15. Qb3+ Kh8 16. Re2 Qxd3 17. Rae1 Nxb4 18. Qxb4 c5 19. Qa4 Qa6 20.
Qd7 Red8 21. Qf7 Rf8 22. Qe7 exf3 23. gxf3 Bxf3 24. Re3 Qb7 25. Qe6 Bd5 26. Qf5
Bxa2 27. Qc2 Bd5 28. Rh3 g6 29. Qxg6 Rg8 30. Rxh7+ Qxh7 31. Qxg8+ Qxg8+ 32. Kf1
Qg2+ 33. Ke2 Re8+ 34. Kd1 Qf3+ 35. Kd2 Qxf2+ 36. Kd3 Qxe1 37. b4 Qe2# 0-1

[Event "Westland (SEMO Res/2/39)"]
[Site "?"]
[Date "1985.??.??"]
[Round "?"]
[White "Loop, J.."]
[Black "Hutchings, C.."]
[Result "0-1"]
[WhiteElo "1605"]
[BlackElo "1605"]
[PlyCount "113"]
[EventDate "1985.??.??"]

{2/(39)} 1. e4 e5 2. Nf3 Nc6 3. Nc3 Nf6 4. Bc4 Bc5 5. O-O O-O 6. d3 Na5 7. Nxe5
d6 8. Nf3 Bg4 9. Be3 Bxe3 10. fxe3 Nxc4 11. dxc4 Re8 12. Qd4 Qe7 13. Ng5 h6 14.
Nf3 Nxe4 15. Nxe4 Qxe4 16. Nd2 Qxe3+ 17. Qxe3 Rxe3 18. Rf4 Bh5 19. Nf1 Re5 20.
Ng3 Bg6 21. Raf1 Rae8 22. Kf2 Bxc2 23. Kg1 Bd3 24. R1f3 Bxc4 25. Rxc4 c5 26.
Nf5 Re1+ 27. Kf2 R8e6 28. Nxd6 R6e2+ 29. Kg3 Rxb2 30. Rxf7 Rb6 31. Rd7 Rd1 32.
Rd8+ Kh7 33. Nf7 Rg6+ 34. Kh4 Rxd8 35. Nxd8 Rxg2 36. Rxc5 Rxh2+ 37. Kg3 Rxa2
38. Nxb7 Ra4 39. Nd8 Kg6 40. Rc6+ Kh7 41. Ne6 a5 42. Rc7 Kg6 43. Rc6 Kf7 44.
Nd8+ Ke7 45. Ne6 Kd7 46. Ra6 Ra3+ 47. Kf4 g5+ 48. Kg4 Ra1 49. Nc5+ Kc7 50. Kh5
Rh1+ 51. Kg4 Rg1+ 52. Kh5 g4 53. Ne4 g3 54. Kg4 g2 55. Kg3 h5 56. Rxa5 h4+ 57.
Kh3 {[Remainder illegible; 0-1, 74?]} 0-1

[Event "Westland (SEMO/5/4)"]
[Site "?"]
[Date "1985.??.??"]
[Round "?"]
[White "Linn, Peter"]
[Black "Shavalier, J.."]
[Result "1/2-1/2"]
[WhiteElo "2220"]
[BlackElo "2105"]
[PlyCount "40"]
[EventDate "1985.??.??"]

{5/(4)} 1. c4 c5 2. Nc3 g6 3. g3 Bg7 4. Bg2 Nc6 5. a3 a6 6. Qa4 Nf6 7. b4 cxb4
8. axb4 O-O 9. b5 Ne5 10. c5 d5 11. d4 Nc4 12. Nf3 Ne4 13. Qb3 Nxc3 14. Qxc3
Bd7 15. bxa6 Rxa6 16. Rxa6 bxa6 17. O-O Qc8 18. Ba3 Bb5 19. Re1 Rd8 20. e3 e6
1/2-1/2

[Event "Westland (SEMO/3/4)"]
[Site "?"]
[Date "1985.??.??"]
[Round "?"]
[White "Linn, Peter"]
[Black "Hendricks, Marcus"]
[Result "1/2-1/2"]
[WhiteElo "2220"]
[BlackElo "1870"]
[PlyCount "45"]
[EventDate "1985.??.??"]

{3/(4)} 1. d4 d5 2. c4 e6 3. Nc3 Nf6 4. Bg5 Be7 5. e3 O-O 6. Nf3 c6 7. Rc1 h6
8. Bh4 Nbd7 9. Bd3 b6 10. cxd5 Nxd5 11. Bg3 Nxc3 12. bxc3 Bb7 13. O-O c5 14.
Qe2 Rc8 15. Rfd1 cxd4 16. cxd4 Nf6 17. Ba6 Qd7 18. Qb5 Qxb5 19. Bxb5 Ne4 20.
Bd7 Rxc1 21. Rxc1 Nxg3 22. hxg3 Bd6 23. Nd2 1/2-1/2

[Event "Westland (SEMO/1b/5)"]
[Site "?"]
[Date "1985.??.??"]
[Round "?"]
[White "Linn, Peter"]
[Black "Comstock, Ron"]
[Result "1-0"]
[WhiteElo "2220"]
[BlackElo "1870"]
[PlyCount "101"]
[EventDate "1985.??.??"]

1. d4 d5 2. c4 e6 3. Nc3 c6 4. cxd5 exd5 5. Nf3 Bf5 6. Qb3 Qb6 7. Bf4 Nf6 8. e3
Nbd7 9. Be2 Qxb3 10. axb3 Bc2 11. Nd2 Be7 12. O-O O-O 13. Rfc1 Bg6 14. h3 Rfc8
15. Na4 Ne4 16. Nxe4 Bxe4 17. Bg4 Rd8 18. Bxd7 Rxd7 19. Nb6 Rdd8 20. Nxa8 Rxa8
21. Bc7 Rc8 22. Bg3 a6 23. f3 Bg6 24. Be1 Kf8 25. b4 Bd3 26. Kf2 Ke8 27. Bc3
Kd7 28. Re1 f5 29. Rg1 g6 30. Ke1 Re8 31. Kd2 Bb5 32. g4 Ke6 33. Rg2 Bf6 34.
Rag1 Bc4 35. g5 Bd8 36. h4 Bc7 37. Kc2 Bb5 38. h5 Kf7 39. hxg6+ Kxg6 40. Bd2
Bd6 41. Rh1 Bf8 42. Rgh2 Re7 43. Rg2 Bg7 44. Rgh2 Bf8 45. Rh4 Be2 46. R4h3 Bc4
47. b5 Bxb5 48. Bb4 c5 49. Bxc5 Rc7 50. Kd2 Bxc5 51. Rh6+ 1-0

[Event "Westland (SEMO/3/3)"]
[Site "?"]
[Date "1985.??.??"]
[Round "?"]
[White "Lindsay, F.."]
[Black "Rawley, L.."]
[Result "1-0"]
[WhiteElo "2325"]
[BlackElo "2220"]
[PlyCount "115"]
[EventDate "1985.??.??"]

{3/(3)} 1. c4 e5 2. Nc3 Nc6 3. Nf3 g6 4. d4 exd4 5. Nxd4 Bg7 6. Nxc6 bxc6 7. g3
Ne7 8. Bg2 O-O 9. O-O Nf5 10. Bf4 Rb8 11. Qd2 Ba6 12. b3 Re8 13. Rac1 Bb7 14.
Rfd1 d6 15. e4 Nd4 16. c5 Qe7 17. Na4 Ba6 18. Re1 Bb5 19. Be3 dxc5 20. Nxc5
Rbd8 21. Bxd4 Bxd4 22. Qc2 Rd5 23. b4 Rf5 24. Re2 Bxe2 25. exf5 Bxf2+ 26. Kh1
Qe3 27. fxg6 hxg6 28. Qc3 Qxc3 29. Rxc3 Bg4 30. Ne4 Re6 31. h3 Be1 32. Rc1 Bxh3
33. Rxe1 Bxg2+ 34. Kxg2 f5 35. Nf6+ Rxf6 36. Re7 Rf7 37. Re6 Kg7 38. Rxc6 Rd7
39. Ra6 Rd4 40. b5 Rd5 41. a4 Rc5 42. Rxa7 Kh6 43. Ra6 Kg5 44. Rc6 Rd5 45. Rxc7
Kg4 46. Rc4+ Kg5 47. Rb4 Rd2+ 48. Kf3 Rd3+ 49. Kf2 Rd2+ 50. Ke3 Rg2 51. b6
Rxg3+ 52. Kf2 f4 53. b7 Kg4 54. Rxf4+ Kh3 55. Rf3 Rxf3+ 56. Kxf3 g5 57. b8=Q
g4+ 58. Kf4 1-0

[Event "Westland (SEMO/5/2)"]
[Site "?"]
[Date "1985.??.??"]
[Round "?"]
[White "Lindsay, F.."]
[Black "Noren, Kevin"]
[Result "1-0"]
[WhiteElo "2325"]
[BlackElo "2125"]
[PlyCount "67"]
[EventDate "1985.??.??"]

{5/(2)} 1. c4 e6 2. Nc3 Nf6 3. e4 c5 4. e5 Ng8 5. Nf3 Nc6 6. d4 cxd4 7. Nxd4
Nxe5 8. Ndb5 d5 9. Bf4 Bd6 10. Qd4 f6 11. cxd5 a6 12. Nxd6+ Qxd6 13. O-O-O Ne7
14. dxe6 Qxd4 15. Rxd4 N7c6 16. Bxe5 fxe5 17. Rg4 g6 18. Bc4 Rf8 19. f3 Na5 20.
Bd5 Ke7 21. Re1 Rf5 22. Rh4 h5 23. Rhe4 Nc6 24. Bxc6 bxc6 25. Rc4 Bb7 26. Ne4
Rd8 27. Rb4 Bc8 28. Rb6 Kxe6 29. Rxc6+ Ke7 30. Rxg6 Be6 31. Re3 Rf4 32. Rg7+
Kf8 33. Ra7 Bxa2 34. b3 1-0

[Event "Westland (MEX/3)"]
[Site "?"]
[Date "1985.??.??"]
[Round "?"]
[White "Lindsay, F.."]
[Black "Laren, Philip"]
[Result "1-0"]
[WhiteElo "2330"]
[BlackElo "2150"]
[PlyCount "67"]
[EventDate "1985.??.??"]

1. c4 f5 2. Nc3 Nf6 3. g3 g6 4. Bg2 Bg7 5. d4 O-O 6. Nf3 d6 7. O-O Qe8 8. d5
Na6 9. Be3 Bd7 10. Rc1 c5 11. dxc6 bxc6 12. Qa4 Nc7 13. Nd4 e5 14. Nxc6 e4 15.
Qa5 Ne6 16. Nd4 Qe7 17. Nxe6 Bxe6 18. Nb5 Rfc8 19. b3 Bd7 20. Rfd1 Bxb5 21.
cxb5 Rxc1 22. Rxc1 Nd5 23. b6 Qb7 24. bxa7 Nxe3 25. fxe3 Rxa7 26. Qd8+ Bf8 27.
Rc8 Qf7 28. Qxd6 Rxa2 29. b4 Rc2 30. Rd8 Rc7 31. Rxf8+ Qxf8 32. Qxc7 Qxb4 33.
Kf2 Qf8 34. g4 1-0

[Event "Westland (SEMO/1b/1)"]
[Site "?"]
[Date "1985.??.??"]
[Round "?"]
[White "Lindsay, F.."]
[Black "Kulbacki, James"]
[Result "1-0"]
[WhiteElo "2325"]
[BlackElo "2025"]
[PlyCount "49"]
[EventDate "1985.??.??"]

1. c4 Nf6 2. Nc3 g6 3. d4 Bg7 4. e4 d6 5. f4 O-O 6. Be2 c5 7. d5 e6 8. Nf3 exd5
9. e5 dxe5 10. fxe5 Ng4 11. Bg5 Qa5 12. cxd5 f6 13. exf6 Nxf6 14. O-O Na6 15.
Ne5 Bf5 16. d6 Nb4 17. Qb3+ Kh8 18. Nf7+ Rxf7 19. Qxf7 Rf8 20. Qe7 Qb6 21. Bf3
Nc6 22. Bxc6 Qxc6 23. Rxf5 gxf5 24. Bxf6 Rxf6 25. d7 1-0

[Event "Westland (MEX/1)"]
[Site "?"]
[Date "1985.??.??"]
[Round "?"]
[White "Lindsay, F.."]
[Black "Bagherabadi, Mohammed"]
[Result "1-0"]
[WhiteElo "2330"]
[BlackElo "2085"]
[PlyCount "99"]
[EventDate "1985.??.??"]

1. c4 Nf6 2. Nc3 e5 3. Nf3 Nc6 4. d4 exd4 5. Nxd4 b6 6. Nxc6 dxc6 7. Qxd8+ Kxd8
8. g3 Bb4 9. Bd2 Ke7 10. Bg2 Bd7 11. Rc1 a5 12. O-O Rad8 13. Rfd1 Rhe8 14. a3
Bd6 15. Be3 c5 16. Bg5 Kf8 17. Bxf6 gxf6 18. f4 Bg4 19. Kf2 Be6 20. Bc6 Re7 21.
b3 f5 22. Rd3 Bd7 23. Bf3 Re6 24. Rcd1 Kg7 25. a4 Rh6 26. h4 Rg8 27. Bg2 Be8
28. Bh3 Bd7 29. Nd5 Bc6 30. Bxf5 Bxd5 31. Rxd5 Rh5 32. e4 f6 33. Kf3 Kf8 34.
Rxd6 cxd6 35. Rxd6 Ke7 36. Rxb6 Rd8 37. Re6+ Kf7 38. Ra6 Rh6 39. Rxa5 Rd3+ 40.
Kg4 Rxb3 41. Rxc5 Ra3 42. Ra5 Ke7 43. c5 Rc3 44. Ra7+ Kd8 45. Rd7+ Ke8 46. Rd5
Ke7 47. h5 Rc1 48. a5 Rh1 49. c6 R6xh5 50. Rd7+ 1-0

[Event "Westland (SEMO/4/16)"]
[Site "?"]
[Date "1985.??.??"]
[Round "?"]
[White "Libby, Dan"]
[Black "Moody, David"]
[Result "1-0"]
[WhiteElo "1700"]
[BlackElo "2015"]
[PlyCount "35"]
[EventDate "1985.??.??"]

{4/(16)} 1. c4 e5 2. Nc3 Nc6 3. g3 g6 4. Bg2 Bg7 5. d3 d6 6. Nf3 f5 7. O-O Nf6
8. Bg5 h6 9. Bxf6 Qxf6 10. Nd5 Qd8 11. Nh4 g5 12. Ng6 Rg8 13. h4 Nd4 14. e3 Ne6
15. Qh5 Kd7 16. b4 Bf8 17. b5 Qe8 18. Nf6+ 1-0

[Event "Westland (SEMO/3/14)"]
[Site "?"]
[Date "1985.??.??"]
[Round "?"]
[White "Libby, Dan"]
[Black "Martin, K.."]
[Result "0-1"]
[WhiteElo "1700"]
[BlackElo "1985"]
[PlyCount "46"]
[EventDate "1985.??.??"]

{3/(14)} 1. Nf3 Nf6 2. g3 d5 3. Bg2 c5 4. c4 e6 5. Ne5 Be7 6. O-O O-O 7. e3 Qc7
8. f4 Nc6 9. d4 cxd4 10. exd4 Nxd4 11. Be3 Nf5 12. Bf2 Bc5 13. cxd5 Bxf2+ 14.
Rxf2 Ne3 15. Qd2 Nxg2 16. dxe6 Bxe6 17. Rxg2 Rfd8 18. Qc2 Qxc2 19. Rxc2 Rd1+
20. Kf2 Bf5 21. Rc7 b6 22. Nc6 Bxb1 23. Nxa7 Rh1 0-1

[Event "Westland (SEMO/1a/10)"]
[Site "?"]
[Date "1985.??.??"]
[Round "?"]
[White "Libby, Dan"]
[Black "Dangremond, Leonard"]
[Result "1-0"]
[WhiteElo "1700"]
[BlackElo "2020"]
[PlyCount "79"]
[EventDate "1985.??.??"]

1. Nf3 d5 2. g3 Nf6 3. Bg2 c5 4. c4 Nc6 5. Qa4 Bd7 6. cxd5 Nxd5 7. Qc4 Ncb4 8.
a3 b5 9. Qb3 c4 10. Qd1 Nc6 11. d4 e6 12. e4 Nb6 13. Be3 Na5 14. Nfd2 Rc8 15.
Nc3 Be7 16. O-O O-O 17. Rc1 a6 18. Re1 Re8 19. e5 Bc6 20. Nce4 Nd5 21. Qh5 Nxe3
22. fxe3 Rf8 23. Rf1 Bd5 24. Rf4 f5 25. exf6 Bxf6 26. Nxf6+ Rxf6 27. Ne4 Rxf4
28. gxf4 Nb3 29. Rc2 Bxe4 30. Bxe4 g6 31. Bxg6 hxg6 32. Qxg6+ Kf8 33. Qxe6 Rc7
34. Rg2 Rg7 35. Qh6 Qa5 36. Qxg7+ Ke8 37. Qh8+ Kf7 38. Qh5+ Kf8 39. Qf5+ Ke7
40. Rg7+ 1-0

[Event "East Lansing (MI Op/5/19)"]
[Site "?"]
[Date "1985.??.??"]
[Round "?"]
[White "Levine, H.."]
[Black "Stockham, James"]
[Result "1/2-1/2"]
[WhiteElo "1990"]
[BlackElo "1820"]
[PlyCount "138"]
[EventDate "1985.??.??"]

{5/(19)} 1. e4 c6 2. d4 d5 3. exd5 cxd5 4. Bd3 Nc6 5. c3 Nf6 6. Bf4 Bg4 7. Qb3
Qc8 8. Nd2 e6 9. Ngf3 Be7 10. O-O O-O 11. Rfe1 Bh5 12. Ne5 Bd6 13. Qc2 Qc7 14.
Bg3 Rac8 15. a3 Nxd4 16. Qa4 Nc6 17. Ndf3 Nxe5 18. Nxe5 a6 19. Re3 b5 20. Qh4
Bg6 21. Nxg6 fxg6 22. Rxe6 Bxg3 23. hxg3 Qf7 24. Re2 Rce8 25. Rae1 Rxe2 26.
Rxe2 Re8 27. Rxe8+ Qxe8 28. Qd4 Qe6 29. Kf1 Nd7 30. Bc2 Nb6 31. b3 Qd6 32. Bd1
Kf7 33. Bf3 Kf8 34. Ke2 Kf7 35. Kd3 Kf8 36. Qf4+ Qxf4 37. gxf4 Ke7 38. Kd4 Kd6
39. Bg4 Na8 40. Bc8 Nc7 41. g3 Kc6 42. Ke5 Kc5 43. Bb7 a5 44. Bc8 b4 45. axb4+
axb4 46. cxb4+ Kxb4 47. Kd6 Ne8+ 48. Kxd5 Nf6+ 49. Ke6 Ne4 50. Ke7 Kxb3 51. Kf8
Nxf2 52. Bb7 h6 53. Kxg7 g5 54. f5 Ng4 55. f6 Ne5 56. Kxh6 g4 57. f7 Nxf7+ 58.
Kh5 Ne5 59. Bc8 Kc3 60. Bxg4 Kd4 61. Kg5 Ke4 62. Bh5 Nc4 63. Kf6 Ne3 64. Be2
Nd5+ 65. Ke6 Nf4+ 66. Kf6 Nxe2 67. g4 Nf4 68. g5 Kf3 69. Kf5 Kg3 1/2-1/2

[Event "East Lansing (MI Op/3/7)"]
[Site "?"]
[Date "1985.??.??"]
[Round "?"]
[White "Levine, H.."]
[Black "Segerstrom, P.."]
[Result "0-1"]
[WhiteElo "1990"]
[BlackElo "2175"]
[PlyCount "128"]
[EventDate "1985.??.??"]

{3/(7)} 1. e4 d5 2. exd5 Qxd5 3. Nc3 Qa5 4. d4 Nf6 5. Bc4 c6 6. Nf3 Bg4 7. Qd3
Bf5 8. Qe2 e6 9. Bd2 Qc7 10. d5 cxd5 11. Nxd5 Nxd5 12. Bxd5 Nc6 13. Bxc6+ bxc6
14. Nd4 Bg6 15. O-O Bd6 16. h3 O-O 17. Bc3 Rfe8 18. Qg4 Qb6 19. Rad1 Be5 20.
Rfe1 Bf6 21. Qe2 c5 22. Nb5 Bxc3 23. bxc3 Red8 24. Rb1 Rab8 25. c4 h6 26. Red1
a6 27. Nc3 Qa5 28. Rxb8 Rxb8 29. Qe5 Rc8 30. Rd7 Qb4 31. Ne2 Qe1+ 32. Kh2 Bxc2
33. Qf4 Bg6 34. Ng3 Qc3 35. Ne4 Qc2 36. Nd6 Rf8 37. Nb7 Qxa2 38. Nxc5 e5 39.
Qh4 a5 40. Ra7 Rc8 41. Nb7 Qxc4 42. Qxc4 Rxc4 43. Rxa5 Rc7 44. Nd6 f6 45. Ra8+
Kh7 46. Ne8 Rd7 47. Rc8 Bf5 48. Rc3 Rd8 49. Nc7 Kg6 50. Rg3+ Kf7 51. Nb5 Bd3
52. Nc3 f5 53. Re3 e4 54. Re1 Rc8 55. Rc1 f4 56. Na2 Rxc1 57. Nxc1 Bc4 58. Kg1
Kf6 59. g3 f3 60. g4 g5 61. Kh2 Ke5 62. Kg3 Kd4 63. h4 Kc3 64. hxg5 hxg5 0-1

[Event "East Lansing (MI Op/6/18)"]
[Site "?"]
[Date "1985.??.??"]
[Round "?"]
[White "Levine, H.."]
[Black "Johnson, Ri"]
[Result "0-1"]
[WhiteElo "1990"]
[BlackElo "1925"]
[PlyCount "54"]
[EventDate "1985.??.??"]

{6/(18)} 1. e4 c5 2. Nf3 d6 3. d4 cxd4 4. Nxd4 Nf6 5. Nc3 g6 6. Be3 Bg7 7. f3
Nc6 8. Bc4 a6 9. Qd2 Bd7 10. h4 Rc8 11. Bb3 Na5 12. Bh6 Bxh6 13. Qxh6 Nc4 14.
Bxc4 Rxc4 15. O-O-O Qa5 16. g4 Rxc3 17. bxc3 Qxc3 18. Kb1 a5 19. Rd3 Qb4+ 20.
Ka1 Qc5 21. h5 g5 22. Rhd1 Qe5 23. f4 gxf4 24. Rf1 Bb5 25. Qxf4 Bxd3 26. cxd3
Qxd4+ 27. Kb1 Qxd3+ 0-1

[Event "Westland (SEMO/4/12)"]
[Site "?"]
[Date "1985.??.??"]
[Round "?"]
[White "Levine, H.."]
[Black "Goldman, S.."]
[Result "1-0"]
[WhiteElo "1970"]
[BlackElo "1865"]
[PlyCount "39"]
[EventDate "1985.??.??"]

{4/(12)} 1. e4 c5 2. Nf3 e6 3. d4 cxd4 4. Nxd4 Nf6 5. Nc3 Bb4 6. e5 Nd5 7. Qg4
Kf8 8. Bd2 Nxc3 9. Nxe6+ fxe6 10. Qxb4+ Ke8 11. Qxc3 Nc6 12. O-O-O b6 13. Bb5
Bb7 14. Qg3 Kf7 15. Bg5 Qc7 16. Rd6 Rac8 17. Rhd1 Ke8 18. Rxd7 Qxd7 19. Rxd7
Kxd7 20. Qd3+ 1-0

[Event "East Lansing (MI Op/2/6)"]
[Site "?"]
[Date "1985.??.??"]
[Round "?"]
[White "Levine, H.."]
[Black "Fischvogt, Eric"]
[Result "1/2-1/2"]
[WhiteElo "1990"]
[BlackElo "2160"]
[PlyCount "123"]
[EventDate "1985.??.??"]

{2/(6)} 1. e4 c5 2. Nf3 e6 3. d4 cxd4 4. Nxd4 Nf6 5. Nc3 d6 6. Be2 Be7 7. O-O
O-O 8. Kh1 Nc6 9. Be3 e5 10. Nb3 Be6 11. f4 exf4 12. Bxf4 d5 13. exd5 Nxd5 14.
Nxd5 Bxd5 15. Bf3 Bc4 16. Qxd8 Rfxd8 17. Rfd1 Be6 18. c3 h6 19. Bc7 Rxd1+ 20.
Rxd1 Rc8 21. Bg3 Kf8 22. Bd6 b6 23. Kg1 Bxd6 24. Rxd6 Ne5 25. Bd5 Bxd5 26. Rxd5
Nc4 27. Rd7 a5 28. Rb7 Nxb2 29. Rxb6 Rxc3 30. Nxa5 Rc1+ 31. Kf2 Rc2+ 32. Kg3
Na4 33. Rb8+ Ke7 34. Ra8 Rxa2 35. Ra7+ Kf6 36. Ra6+ Kg5 37. Nc4 Nc3 38. Rxa2
Nxa2 39. Nd6 f5 40. Ne8 Kg6 41. Kf4 Nb4 42. Nd6 Nd3+ 43. Kf3 Ne1+ 44. Kf2 Nc2
45. Kf3 Kf6 46. Ne8+ Kf7 47. Nd6+ Ke6 48. Ne8 g6 49. Nc7+ Ke5 50. Nb5 g5 51.
Nc3 h5 52. h3 h4 53. Nd1 Nd4+ 54. Kf2 g4 55. hxg4 fxg4 56. Ne3 g3+ 57. Kf1 Ke4
58. Ng4 Kf4 59. Nf6 Ke3 60. Ng4+ Kd2 61. Nf6 Nf5 62. Ne4+ 1/2-1/2

[Event "Westland (SEMO/1b/2)"]
[Site "?"]
[Date "1985.??.??"]
[Round "?"]
[White "Levine, H.."]
[Black "Finegold, Ben"]
[Result "0-1"]
[WhiteElo "1970"]
[BlackElo "2325"]
[PlyCount "60"]
[EventDate "1985.??.??"]

1. e4 e6 2. d4 d5 3. Nd2 Nc6 4. Ngf3 Nf6 5. e5 Nd7 6. Nb3 a5 7. Bf4 a4 8. Nc1
Bb4+ 9. Bd2 f6 10. Bb5 Bxd2+ 11. Qxd2 fxe5 12. dxe5 O-O 13. Nd3 Na7 14. Bxd7
Bxd7 15. Nc5 b6 16. Nxd7 Qxd7 17. O-O c5 18. c3 Nc6 19. Rfe1 Rf5 20. Re4 Qf7
21. Re2 Qh5 22. Rae1 Raf8 23. Qc2 Rf4 24. b3 R8f5 25. c4 Rxf3 26. cxd5 Nd4 27.
Qe4 R3f4 28. Qd3 Nf3+ 29. gxf3 Rg5+ 30. Kh1 Rh4 0-1

[Event "East Detroit (MCO/5/16)"]
[Site "?"]
[Date "1985.??.??"]
[Round "?"]
[White "Levadi, David"]
[Black "Kulbacki, James"]
[Result "0-1"]
[WhiteElo "1755"]
[BlackElo "2055"]
[PlyCount "30"]
[EventDate "1985.??.??"]

{5/(16)} 1. c4 Nf6 2. Nf3 e6 3. Nc3 d5 4. d4 c6 5. e3 Nbd7 6. Bd3 Bd6 7. O-O
dxc4 8. Bxc4 O-O 9. Qe2 e5 10. Rd1 Qc7 11. h3 Re8 12. Ng5 Re7 13. Nce4 exd4 14.
Nxd6 Qxd6 15. Rxd4 Qxd4 0-1

[Event "East Detroit (MCO/3/13)"]
[Site "?"]
[Date "1985.??.??"]
[Round "?"]
[White "Levadi, David"]
[Black "Avery, Robert W"]
[Result "0-1"]
[WhiteElo "1755"]
[BlackElo "2170"]
[PlyCount "70"]
[EventDate "1985.??.??"]

{3/(13)} 1. c4 e5 2. Nc3 Nf6 3. Nf3 Nc6 4. d3 Bb4 5. e3 O-O 6. Be2 e4 7. dxe4
Nxe4 8. Qc2 Qf6 9. Bd2 Nxd2 10. Nxd2 Bxc3 11. bxc3 d6 12. O-O Bf5 13. e4 Rfe8
14. Bd3 Bd7 15. f4 g6 16. c5 dxc5 17. e5 Qe7 18. Ne4 Kg7 19. Nf6 Red8 20. Rae1
c4 21. Be4 Qc5+ 22. Kh1 Rab8 23. Qe2 Ne7 24. Qf3 Bc6 25. Qh3 h6 26. Ng4 Ng8 27.
Bxc6 Qxc6 28. f5 Rd3 29. Ne3 Re8 30. e6 f6 31. Rf4 g5 32. Qg3 Ne7 33. Rxc4 Qxc4
34. Nxc4 Rxg3 35. hxg3 Nxf5 0-1

[Event "East Detroit (MCO/1/39)"]
[Site "?"]
[Date "1985.??.??"]
[Round "?"]
[White "Levadi, David"]
[Black "Accad, W.."]
[Result "1/2-1/2"]
[WhiteElo "1755"]
[BlackElo "1605"]
[PlyCount "75"]
[EventDate "1985.??.??"]

{1/(39)} 1. c4 e5 2. Nc3 c6 3. Nf3 Bd6 4. d4 Qe7 5. dxe5 Bxe5 6. Nxe5 Qxe5 7.
e4 Nf6 8. f4 Qe7 9. Bd3 O-O 10. O-O d6 11. Qc2 Na6 12. Qe2 Nc5 13. Bb1 Re8 14.
Re1 a5 15. h3 h6 16. b3 b6 17. Bb2 Ba6 18. Bc2 b5 19. cxb5 cxb5 20. Qf2 b4 21.
Nd5 Nxd5 22. exd5 Qf8 23. Qd4 f6 24. Re3 Rxe3 25. Qxe3 Re8 26. Qg3 Qe7 27. Qg6
Qe3+ 28. Kh1 Bd3 29. Bxd3 Nxd3 30. Bxf6 Nf2+ 31. Kh2 Qxf4+ 32. Kg1 Nxh3+ 33.
gxh3 Qe3+ 34. Kh1 Qxh3+ 35. Kg1 Qe3+ 36. Kh1 Qf3+ 37. Kg1 Qe3+ 38. Kh1 1/2-1/2

[Event "Westland (SEMO Res/2/37)"]
[Site "?"]
[Date "1985.??.??"]
[Round "?"]
[White "Leonard, K.."]
[Black "Nowak, R.."]
[Result "1-0"]
[WhiteElo "1605"]
[BlackElo "1605"]
[PlyCount "49"]
[EventDate "1985.??.??"]

{2/(37)} 1. c4 Nf6 2. Nc3 e6 3. e4 d5 4. e5 d4 5. exf6 dxc3 6. bxc3 Qxf6 7. Nf3
c5 8. d4 Bd6 9. Qc2 h6 10. Be3 Nd7 11. Be2 O-O 12. O-O b6 13. Qa4 Rd8 14. Qc6
Bxh2+ 15. Kxh2 Rb8 16. Qe4 Bb7 17. Qg4 Nf8 18. Ne5 Nh7 19. Bd3 Ng5 20. Rh1 g6
21. Kg1 Kg7 22. Rxh6 Kxh6 23. Bxg5+ Qxg5 24. Nxf7+ Kg7 25. Nxg5 1-0